000 00320nam a22001337a 4500
008 171031b xxu||||| |||| 00| 0 eng d
020 _a9780130338549
041 _aeng
080 _a33
100 _a58
101 _aBUS
245 _aINTRODUCTION TO APPLIED XML TECHNOLOGY IN BUSINESS
_cWAGNER, W.P
942 _2udc
_cBK
999 _c36707
_d36707